Juventus Turin : 11 du XXIème siècle - Statistiques

Statistiques générales
  • Ce quiz a été pris 665 fois
  • Le résultat moyen est 12 sur 16
Statistiques - réponses
Poste Nationalité Années au club Joueurs % Correct
Gardien Italien 2001-2018 Gianluigi Buffon
99%
Milieu Central Français 2012-2016/2022-2024 Paul Pogba
94%
Défenseur Central Italien 2005-2022 Giorgio Chiellini
93%
Défenseur Central Italien 2010-2017/2018-2023 Leonardo Bonucci
93%
Milieu Central Italien 2011-2015 Andrea Pirlo
88%
Ailier Gauche Tchèque 2001-2009 Pavel Nedved
85%
Ailier Droit Argentine 2015-2022 Paolo Dybala
83%
Buteur Italien 1993-2012 Alessandro Del Piero
80%
Remplaçant (Attaquant) Français 2000-2010 David Trezeguet
75%
Défenseur Central Italien 2011-2019 Andrea Barzagli
72%
Milieu Central Italien 2006-2018 Claudio Marchisio
63%
Entraîneur Italien 2014-2024 Massimiliano Allegri
62%
Remplaçant (Défenseur) Brésilien 2015-2024 Alex Sandro
61%
Remplaçant (Gardien) Polonais 2017-2024 Wojciech Szczesny
52%
Défenseur Droit Suisse 2011-2018 Stephan Lichtsteiner
50%
Remplaçant (Milieu) Italien 2002-2010 Mauro Camoranesi
12%
Aucun quiz correspondant
Distribution des résultats
% des personnes avec chaque résultat
Percentile par nombre de réponses
Votre historique - résultats
Vous n’avez pas pris ce quiz